Влияние дисперсионной среды на седиментационную устойчивость суспензий Fe[2]O[3]; Функциональные материалы: разработка, исследование, применение

Bibliografische gegevens
Parent link:Функциональные материалы: разработка, исследование, применение.— 2018.— [С. 10]
Hoofdauteur: Балташ Р. М.
Coauteur: Национальный исследовательский Томский политехнический университет Инженерная школа новых производственных технологий Отделение материаловедения
Andere auteurs: Годымчук А. Ю. Анна Юрьевна (научный руководитель)
Samenvatting:Заглавие с экрана
Taal:Russisch
Gepubliceerd in: 2018
Reeks:Наноматериалы
Onderwerpen:
Online toegang:http://earchive.tpu.ru/handle/11683/50436
Formaat: Elektronisch Hoofdstuk
KOHA link:https://koha.lib.tpu.ru/cgi-bin/koha/opac-detail.pl?biblionumber=627276

MARC

LEADER 00000naa2a2200000 4500
001 627276
005 20231101133443.0
035 |a (RuTPU)RU\TPU\conf\27036 
035 |a RU\TPU\conf\27034 
090 |a 627276 
100 |a 20180824d2018 k y0rusy50 ca 
101 0 |a rus 
102 |a RU 
105 |a y z 101zy 
135 |a drcn ---uucaa 
181 0 |a i  
182 0 |a b 
200 1 |a Влияние дисперсионной среды на седиментационную устойчивость суспензий Fe[2]O[3]  |f Р. М. Балташ  |g науч. рук. А. Ю. Годымчук 
203 |a Текст  |c электронный 
225 1 |a Наноматериалы 
230 |a 1 компьютерный файл (pdf; 192 Kb) 
300 |a Заглавие с экрана 
320 |a [Библиогр.: с. 10 (3 назв.)] 
463 0 |0 (RuTPU)RU\TPU\conf\26927  |t Функциональные материалы: разработка, исследование, применение  |o сборник тезисов докладов V Всероссийского конкурса научных докладов студентов, г. Томск, г. Тамбов, 22-23 мая 2018 г.  |f Национальный исследовательский Томский политехнический университет (ТПУ) ; Национальный исследовательский Томский государственный университет (ТГУ) ; Тамбовский государственный университет имени Г. Р. Державина ; ред. кол. А. Ю. Годымчук, Н. И. Каракчеева, А. А. Гусев  |v [С. 10]  |d 2018 
610 1 |a электронный ресурс 
610 1 |a труды учёных ТПУ 
610 1 |a дисперсионные среды 
610 1 |a седиментационная устойчивость 
610 1 |a суспензии 
610 1 |a наноразмерные системы 
610 1 |a каталитические системы 
610 1 |a углеводородное сырье 
610 1 |a катализаторы 
700 1 |a Балташ  |b Р. М. 
702 1 |a Годымчук  |b А. Ю.  |c специалист в области нанотехнологий и наноматериалов  |c доцент Томского политехнического университета, кандидат технических наук  |f 1978-  |g Анна Юрьевна  |2 stltpush  |4 727 
712 0 2 |a Национальный исследовательский Томский политехнический университет  |b Инженерная школа новых производственных технологий  |b Отделение материаловедения  |h 7871  |2 stltpush  |3 (RuTPU)RU\TPU\col\23508 
801 2 |a RU  |b 63413507  |c 20180904  |g RCR 
856 4 |u http://earchive.tpu.ru/handle/11683/50436 
942 |c BK